000 00712nam a2200253Ia 4500
003 OSt
005 20220927105058.0
006 a|||||r|||| 00| 0
007 ta
008 220926b |||||||| |||| 00| 0 eng d
024 _a146784
037 _cReference Collections
040 _aRTL
_cRTL
_beng
041 _2eng
_aeng
082 _a"X65, L6"
100 _aSTEVENSON Richard A
_9370015
245 0 _aFundamental of investment
260 _aNew
_byork publ
_c1976
300 _a"xiii,555p"
_ccm.
500 _aAppendix p541-44
700 _a JENNINGS Edward H
_9370016
942 _h"X65, L6"
_cCC
999 _c690556
_d690556